000 00894nam a2200277 i 4500
001 bg
100 1 _aREŃSKI, Andrzej
245 1 0 _aOptymalizacja rozwoju scentralizowanych systemów zasilania w ciepło aglomeracji miejskich /
_cAndrzej Reński.
260 _aGdańsk :
_bWydaw. Politechniki Gdańskiej,
_c2002.
300 _a138, [1] s. :
_bil. ;
_c24 cm.
490 1 _aMonografie / Politechnika Gdańska ;
_v28
500 _aStreszcz. pol. i ang.
504 _aBibliogr.
650 9 _aCiepło
_xgospodarka
_xekonomika
650 9 _aEnergetyka
_xgospodarka
650 9 _aSieć cieplna
_xeksploatacja
_xkoszty
650 9 _aElektrociepłownie
_xekonomika
830 0 _aMonografie (Politechnika Gdańska) ;
_v28
020 _a8373480064
040 _cBPK
041 0 _apl
080 _a662.6
920 _a83-7348-006-4
942 _cKS
008 s pl f |000 0 pol
999 _c42081
_d42081
856 _uhttp://koha.tu.koszalin.pl/cgi-bin/koha/opac-detail.pl?biblionumber=42081
_yKatalog online BPK